Child protective services in the United States, reporting a nationwide survey.

Bibliographic Details
Main Author: De Francis, Vincent
Format: Book
Language:English
Published: Denver, Children's Division, the American Humane Association, 1956.
Denver : 1956.
Subjects:

MARC

Tag First Indicator Second Indicator Subfields
LEADER 00000cam a2200000 4500
001 in00000069055
005 20151008051356.0
008 721113s1956 coubd 000 0 eng d
010 |a a 57004424  
019 |a 1883243 
029 1 |a AU@  |b 000028085851 
035 |a (OCoLC)493251 
040 |a CSU  |b eng  |c CSU  |d FQG  |d OCLCQ  |d OHDNW  |d OCLCQ  |d OCLCF  |d OCLCO  |d OCLCQ  |d OCLCO  |d EYM  |d OCLCQ  |d OCLCO  |d OCLCQ 
043 |a n-us--- 
049 |a TXAM 
050 0 |a fHV741  |b .A5 
050 4 |a HV741  |b .D44 
082 0 4 |a 362.7  |b A511c 
090 |a HV741  |b .D44 
092 |a 362.7  |b A513c 
100 1 |a De Francis, Vincent. 
245 1 0 |a Child protective services in the United States,  |b reporting a nationwide survey. 
260 |a Denver,  |b Children's Division, the American Humane Association,  |c 1956. 
264 1 |a Denver :  |b Children's Division, the American Humane Association,  |c 1956. 
300 |a 217 pages  |b maps, charts  |c 29 cm 
336 |a text  |b txt  |2 rdacontent 
337 |a unmediated  |b n  |2 rdamedia 
338 |a volume  |b nc  |2 rdacarrier 
500 |a "Errata" inserted. 
530 |a Also issued online. 
650 0 |a Child welfare  |z United States. 
651 2 |a United States  |0 (DNLM)D014481 
700 1 |a De Francis, Vincent. 
776 0 8 |i Online version:  |a De Francis, Vincent.  |t Child protective services in the United States.  |d Denver, Children's Division, the American Humane Association, 1956  |w (OCoLC)574755281 
999 |a MARS 
999 f f |s b877046a-717d-3607-b43d-1cac621c4a2d  |i 1fc67af0-8527-315c-b326-f4482178f881  |t 0 
952 f f |p ric  |a Texas A&M University  |b Rellis Campus  |c Joint Library Facility  |s JLF  |d Remote Storage  |t 0  |e HV741 .D44  |h Library of Congress classification  |i unmediated -- volume  |m A14800810567